Reservation policy programmes and issues / (Record no. 126340)

MARC details
000 -LEADER
fixed length control field 00762nam a22002537a 4500
005 - DATE AND TIME OF LATEST TRANSACTION
control field 20170124110008.0
010 ## - LIBRARY OF CONGRESS CONTROL NUMBER
LC control number A-298462
020 ## - INTERNATIONAL STANDARD BOOK NUMBER
Terms of availability 00.00
International Standard Book Number 817033019
035 ## - SYSTEM CONTROL NUMBER
System control number A-298462
037 ## - SOURCE OF ACQUISITION
Source of stock number/acquisition Cen Lib/Ret
040 ## - CATALOGING SOURCE
Original cataloging agency DPL
Language of cataloging EN
082 ## - DEWEY DECIMAL CLASSIFICATION NUMBER
Classification number 323.4
Item number RES
100 ## - MAIN ENTRY--PERSONAL NAME
Personal name .
9 (RLIN) 17270
245 ## - TITLE STATEMENT
Title Reservation policy programmes and issues /
Statement of responsibility, etc edited by Vimal P.Shah [and] Binod C Agrawal
260 ## - PUBLICATION, DISTRIBUTION, ETC. (IMPRINT)
Place of publication, distribution, etc Jaipur
Name of publisher, distributor, etc Rawat publications
Date of publication, distribution, etc 1986
270 ## - ADDRESS
Address 3-na,Jawahar Nagar
City Jaipur
Postal code 302004
300 ## - PHYSICAL DESCRIPTION
Extent x,200p.
Dimensions 20cm(Hb)
500 ## - GENERAL NOTE
General note Includes index
650 ## - SUBJECT ADDED ENTRY--TOPICAL TERM
Topical term or geographic name as entry element Political Science
9 (RLIN) 17271
650 ## - SUBJECT ADDED ENTRY--TOPICAL TERM
Topical term or geographic name as entry element Indian Constitution
9 (RLIN) 5209
700 ## - ADDED ENTRY--PERSONAL NAME
9 (RLIN) 16991
Personal name Shah,Vimal P.
700 ## - ADDED ENTRY--PERSONAL NAME
Personal name Ageawal,Binod C.
9 (RLIN) 17272
942 ## - ADDED ENTRY ELEMENTS (KOHA)
Source of classification or shelving scheme Dewey Decimal Classification
Koha item type English Books
Classification part 323.4
Call number suffix RES
Holdings
Withdrawn status Lost status Damaged status Not for loan Home library Current library Date acquired Source of acquisition Cost, normal purchase price Total Checkouts Full call number Barcode Date last seen Copy number Cost, replacement price Price effective from Koha item type Public note
Written off       Central Library Central Library 25/06/2015 Cen Lib/Ret 0.00   323.4 RES A-298462 25/06/2015 1 0.00 25/06/2015 English Books W/d List No. 6856/9; dtd 30/07/2020

© Delhi Public Library
Hit Counter
free hit counter